海上国道 - Statistics

General Stats
  • This quiz has been taken 5 times
  • The average score is 19 of 29
Answer Stats
海上部起点 海上部終点 Answer % Correct
下関市 北九州市 2
100%
明石市 鳴門市 28
100%
玉野市 高松市 30
100%
新潟市 上越市 350
100%
田原市 鳥羽市 42
100%
宇城市 島原市 57
100%
鹿児島市 国頭村 58
100%
伊方町 大分市 197
75%
函館市 大間町 279
75%
函館市 大間町 338
75%
石垣市 那覇市 390
75%
川崎市 木更津市 409
75%
富津市 横須賀市 15
50%
鹿児島市 鹿児島市 224
50%
鳥羽市 田原市 259
50%
志摩市 志摩市 260
50%
指宿市 南大隅町 269
50%
外ヶ浜町 福島町 280
50%
今治市 尾道市 317
50%
長崎市 嶺北町 324
50%
対馬市 唐津市 382
50%
五島市 佐世保市 384
50%
長洲町 長島町 389
50%
姫路市 高松市 436
50%
松山市 周防大島町 437
50%
指宿市 南大隅町 448
50%
隠岐の島町 松江市 485
50%
江田島市 広島市 487
50%
長崎市 阿久根市 499
50%
No matching quizzes found
Score Distribution
Percent of People with Each Score
Percentile by Number Answered
Your Score History
You have not taken this quiz